El sentido del pasado: ensayos de historia de la Filosofía
Gespeichert in:
| 1. Verfasser: | |
|---|---|
| Format: | Buch |
| Sprache: | Spanisch |
| Veröffentlicht: |
Ciudad de México
Fondo de Cultura Económica
2012
|
| Schriftenreihe: | Sección de Obras de Filosofía
|
| Schlagworte: | |
| Tags: |
Tag hinzufügen
Keine Tags, Fügen Sie den ersten Tag hinzu!
|
MARC
| LEADER | 00000cam a2200000 a 4500 | ||
|---|---|---|---|
| 001 | UCF7136 | ||
| 003 | CL-VaPUC | ||
| 008 | 130606e20120000MX |||||||||||||||||spa|d | ||
| 020 | |a 9786071610652 | ||
| 082 | 0 | 4 | |a 104 |b WIL |2 21 |
| 100 | 0 | |a Williams, Bernard |e author |9 569120 | |
| 245 | 1 | 3 | |a El sentido del pasado: ensayos de historia de la Filosofía |
| 300 | |a 451 p | ||
| 942 | |c BK | ||
| 945 | |d 20130606 00:00:00 |a dcastane | ||
| 260 | |a Ciudad de México |b Fondo de Cultura Económica |c 2012 | ||
| 650 | 0 | |a Historia de la filosofía |9 256920 | |
| 650 | 0 | |a Ensayos filosóficos |9 318909 | |
| 583 | |a last modification |c 20130606 11:56:00 |k Rodrigo Vera | ||
| 490 | 0 | |a Sección de Obras de Filosofía | |
| 999 | |c 352055 |d 352053 | ||
| 952 | |0 0 |1 0 |4 0 |6 104_000000000000000_WIL_2012 |7 0 |8 A |9 456561 |a BIBHIS |b BIBHIS |d 2019-11-22 |i 4979001 |o 104 WIL 2012 |p 4979001 |r 2025-01-20 |w 2019-11-22 |y BK |k HIS | ||